| Tag |
First Indicator |
Second Indicator |
Subfields |
| LEADER |
00000cam a2200000Ki 4500 |
| 001 |
in00004446113 |
| 005 |
20210728155419.0 |
| 006 |
m o d |
| 007 |
cr cnu---unuuu |
| 008 |
210405s2021 stkab ob 001 0 eng d |
| 020 |
|
|
|a 9781474464024
|q (electronic bk.)
|
| 020 |
|
|
|a 1474464025
|q (electronic bk.)
|
| 020 |
|
|
|a 9781474464031
|q (Electronic book (EPUB format))
|
| 020 |
|
|
|a 1474464033
|
| 020 |
|
|
|z 1474464009
|
| 020 |
|
|
|z 9781474464000
|
| 035 |
|
|
|a (NhCcYBP)jstor22573/CTV1HKMBZP
|
| 037 |
|
|
|a 9781474464031
|b Edinburgh University Press
|
| 037 |
|
|
|a 22573/ctv1hkmbzp
|b JSTOR
|
| 040 |
|
|
|a NhCcYBP
|c NhCcYBP
|d UtOrBLW
|
| 050 |
|
4 |
|a PR8549
|b .S26 2021
|
| 072 |
|
7 |
|a LIT
|x 004120
|2 bisacsh
|
| 082 |
0 |
4 |
|a 820.9/941
|2 23
|
| 100 |
1 |
|
|a Sandrock, Kirsten A.,
|e author.
|0 http://id.loc.gov/authorities/names/nb2010009217
|
| 245 |
1 |
0 |
|a Scottish colonial literature :
|b writing the atlantic, 1603-1707 /
|c Kirsten Sandrock.
|
| 264 |
|
1 |
|a Edinburgh :
|b Edinburgh University Press,
|c [2021]
|
| 264 |
|
4 |
|c ©2021
|
| 300 |
|
|
|a 1 online resource.
|
| 336 |
|
|
|a text
|b txt
|2 rdacontent
|
| 337 |
|
|
|a computer
|b c
|2 rdamedia
|
| 338 |
|
|
|a online resource
|b cr
|2 rdacarrier
|
| 490 |
1 |
|
|a Edinburgh critical studies in Atlantic literatures and cultures
|
| 504 |
|
|
|a Includes bibliographical references (pages 197-216) and index.
|
| 588 |
0 |
|
|a Print version record.
|
| 505 |
0 |
|
|a Intro -- List of Figures and Tables -- Acknowledgements -- Series Editors' Preface -- 1. Introduction: Scottish Colonial Literature, 1603-1707 -- 2. Shifting Paradigms: Nova Scotia and 'New' Scotland -- When is Utopia? A 'New' Scotland at Home and Abroad -- What is Utopia? Framing the Early Stuart Empire -- Where is Utopia? Nova Scotia and the Virginia Company -- Whose Utopia? -- 3. Scotland's Atlantic Visions, 1660-1691 -- Scottish Drama and the Atlantic -- Atlantic Visions: Law, Order and Land -- Internal and External Colonialisms -- Religion, Slavery and the Paradox of Freedom
|
| 505 |
8 |
|
|a 4. Darien, the Golden Dream -- Literary Darien, 1701-2010 -- 'Golden' Darien -- Colonial Myths -- 5. Conclusion: Failure and Scottish Colonialism -- Works Cited -- Index
|
| 500 |
|
|
|a Electronic resource.
|
| 650 |
|
0 |
|a Scottish literature
|y To 1700.
|0 http://id.loc.gov/authorities/subjects/sh2008000840
|
| 650 |
|
0 |
|a Colonization in literature.
|0 http://id.loc.gov/authorities/subjects/sh2013000248
|
| 655 |
|
7 |
|a Electronic books.
|2 local
|
| 776 |
1 |
8 |
|i Print version:
|a Sandrock, Kirsten A.
|t Scottish colonial literature.
|d Edinburgh : Edinburgh University Press, [2021]
|z 1474464009
|
| 830 |
|
0 |
|a Edinburgh critical studies in Atlantic literatures and cultures.
|0 http://id.loc.gov/authorities/names/no2017049687
|
| 856 |
4 |
0 |
|u http://proxy.library.tamu.edu/login?url=https://www.jstor.org/stable/10.3366/j.ctv1hm8gmc
|z Connect to the full text of this electronic book
|t 0
|
| 955 |
|
|
|a JSTOR DDA record
|
| 999 |
f |
f |
|s aac78cd7-9377-37e4-a4a7-09902bb0041d
|i 0c9c46cc-87e7-3619-8901-724edb4bea42
|t 0
|
| 952 |
f |
f |
|a Texas A&M University
|b College Station
|c Electronic Resources
|d Available Online
|t 0
|e PR8549 .S26 2021
|h Library of Congress classification
|
| 998 |
f |
f |
|a PR8549 .S26 2021
|t 0
|l Available Online
|